• 首页
  • 本馆介绍
  • 公告通知
  • 最新文献
  • 馆藏检索
  • 电子资源
  • 读者导购
  • 参考咨询
  • 我的图书馆
  • 登录
  • 详细信息显示
  • 放入我的书架
  • 预约/预借图书
  • 作者相关作品
  • 分类相关作品
  • 丛书相关作品
  • 出版社相关作品

书目信息

  • 表格格式
  • 工作单格式
  • 卡片格式
题名:
畅游瑞士就这本最棒!
    
 
作者: ;《畅游瑞士》编辑部 编著
分册:  
出版信息: 北京   华夏出版社  2015
页数: 213页
开本: 24cm
丛书名: 畅游世界
单 册:
中图分类: K952.29
科图分类:
主题词: 旅游指南--瑞士
电子资源:
ISBN: 978-7-5080-8552-4
000 01141oam2 2200253 450
001 012001003258
005 20140926114740.0
010    @a978-7-5080-8552-4@dCNY49.80
100    @a20151126d2015 em y0chiy50 ea
101 0  @achi
102    @aCN@b110000
105    @aa z 001yy
106    @ar
200 1  @a畅游瑞士就这本最棒!@9chang you rui shi jiu zhe ben zui bang !@f《畅游瑞士》编辑部编著
210    @a北京@c华夏出版社@d2015
215    @a213页@c图@d24cm
225 2  @a畅游世界
330    @a《畅游瑞士》为“畅游世界”系列图书之一,是一本瑞士旅游全攻略宝典,共9章,分别介绍瑞士伯尔尼、苏黎世、卢塞恩、日内瓦、卢加诺以及列支敦士登等地的热门旅游景点,图文并茂,吃、逛、赏、玩面面俱到,为游客提供第一手旅游信息,让读者既能了解瑞士的大好风光,也能领略瑞士的精神价值和文化底蕴。具体内容包括景点详解、关键提示、交通路线、地理位置、电话查询以及星级推荐。游客无论自助还是跟团,都能当做随身随行的最佳宝典。
461  0 @12001 @a畅游世界
606 0  @a旅游指南@y瑞士
690    @aK952.29@v5
711 02 @a《畅游瑞士》编辑部@9《 chang you rui shi 》 bian ji bu@4编著
801  0 @aCN@b上海新华@c20180901
905    @b1162472-6@dK952.29@e499@f5
    
    畅游瑞士就这本最棒!/《畅游瑞士》编辑部编著.-北京:华夏出版社,2015
    213页:图;24cm.-(畅游世界)
    
    
    ISBN 978-7-5080-8552-4:CNY49.80
    《畅游瑞士》为“畅游世界”系列图书之一,是一本瑞士旅游全攻略宝典,共9章,分别介绍瑞士伯尔尼、苏黎世、卢塞恩、日内瓦、卢加诺以及列支敦士登等地的热门旅游景点,图文并茂,吃、逛、赏、玩面面俱到,为游客提供第一手旅游信息,让读者既能了解瑞士的大好风光,也能领略瑞士的精神价值和文化底蕴。具体内容包括景点详解、关键提示、交通路线、地理位置、电话查询以及星级推荐。游客无论自助还是跟团,都能当做随身随行的最佳宝典。
●
相关链接 在E读中查询图书 在五车中查询图书 在当当中查询图书 在豆瓣中查询图书


正题名:畅游瑞士就这本最棒!     索取号:K952.29/499         预约/预借

序号 登录号 条形码 馆藏地/架位号 状态 备注
1 1162472   211624722   第二样本阅览室/ [索取号:K952.29/499] 在馆    
2 1162473   211624731   第二借阅区/ [索取号:K952.29/499] 在馆    
3 1162474   211624740   第二借阅区/ [索取号:K952.29/499] 在馆    
4 1162475   211624759   第二借阅区/ [索取号:K952.29/499] 在馆    
5 1162476   211624768   密集书库-资源管理系/ [索取号:K952.29/499] 在馆    
唐山师范学院图书馆 欢迎您!
大连网信软件有限公司© 版权所有